|
|
|
|
| LEADER |
01956nam a2200433 i 4500 |
| 001 |
EBC4857498 |
| 003 |
MiAaPQ |
| 005 |
20200520144314.0 |
| 006 |
m o d | |
| 007 |
cr cnu|||||||| |
| 008 |
170605t20172017dcua o 000 0 eng d |
| 020 |
|
|
|z 9781464809774
|
| 020 |
|
|
|a 9781464809781 (e-book)
|
| 035 |
|
|
|a (MiAaPQ)EBC4857498
|
| 035 |
|
|
|a (Au-PeEL)EBL4857498
|
| 035 |
|
|
|a (CaPaEBR)ebr11383865
|
| 035 |
|
|
|a (CaONFJC)MIL1010191
|
| 035 |
|
|
|a (OCoLC)984343342
|
| 040 |
|
|
|a MiAaPQ
|b eng
|e rda
|e pn
|c MiAaPQ
|d MiAaPQ
|
| 050 |
|
4 |
|a HC125
|b .B488 2017
|
| 082 |
0 |
|
|a 338.98
|2 23
|
| 245 |
0 |
0 |
|a Better neighbors :
|b toward a renewal of economic integration in Latin America /
|c Chad P. Bown [and three others].
|
| 264 |
|
1 |
|a Washington, District of Columbia :
|b World Bank Publications,
|c 2017.
|
| 264 |
|
4 |
|c 2017
|
| 300 |
|
|
|a 1 online resource (199 pages) :
|b illustrations, tables.
|
| 336 |
|
|
|a text
|2 rdacontent
|
| 337 |
|
|
|a computer
|2 rdamedia
|
| 338 |
|
|
|a online resource
|2 rdacarrier
|
| 490 |
0 |
|
|a Latin America and Caribbean Studies
|
| 588 |
|
|
|a Description based on online resource; title from PDF title page (ebrary, viewed June 5, 2017).
|
| 590 |
|
|
|a Electronic reproduction. Ann Arbor, MI : ProQuest, 2016. Available via World Wide Web. Access may be limited to ProQuest affiliated libraries.
|
| 650 |
|
0 |
|a Economic development
|z Latin America.
|
| 650 |
|
0 |
|a Foreign trade regulation
|x Latin America.
|
| 651 |
|
0 |
|a Latin America
|x Economic integration.
|
| 655 |
|
4 |
|a Electronic books.
|
| 700 |
1 |
|
|a Bown, Chad P.
|q (Chad Philips),
|d 1972-
|e author.
|
| 776 |
0 |
8 |
|i Print version:
|t Better neighbors : toward a renewal of economic integration in Latin America.
|d Washington, District of Columbia : World Bank Publications, c2017
|h xvi, 178 pages
|k Latin America and Caribbean Studies
|z 9781464809774
|
| 797 |
2 |
|
|a ProQuest (Firm)
|
| 856 |
4 |
0 |
|u https://ebookcentral.proquest.com/lib/matrademy/detail.action?docID=4857498
|z Click to View
|